Statistics for Two Lies and a Truth- Geography Edition

Click here to take the quiz!

General Stats

  • This quiz has been taken 46 times
  • The average score is 10 of 15

Answer Stats

QuestionAnswer% Correct
Identify the Correct StatementVienna, Bratislava, and Budapest are all on the Danube River
94%
Identify the Correct StatementGlasgow is in Scotland
91%
Identify the Correct StatementThe Largest city in Nigeria is not it's capital
91%
Identify the Correct StatementItaly Borders a City-State
86%
Identify the Correct StatementNew Guinea is shared by two countries
83%
Identify the Correct StatementManaus is on the Amazon River
74%
Identify the Correct StatementThe USA has approximately 4 percent of the world population
74%
Identify the Correct StatementAstrakhan is not in a "Stan" country
66%
Identify the Correct StatementDarwin is the capital of Australia's Northern Territory
66%
Identify the Correct StatementGermany has a larger GDP than India
60%
Identify the Correct StatementIstanbul is north of New York City
57%
Identify the Correct StatementNamibia has a panhandle
57%
Identify the Correct StatementBlantyre City is in Malawi
49%
Identify the Correct StatementGeorgia has more counties than California
46%
Identify the Correct StatementThe Parana River is the Second Largest River in South America
37%

Score Distribution

Percentile by Number Answered

Percent of People with Each Score

Your Score History

You have not taken this quiz